[Event "40th BAN National Women Chess-ch 2021"]
[Site "Dhaka"]
[Date "2022.01.06"]
[Round "9.4"]
[White "Khan, Nazrana"]
[Black "Nusrat, Jahan Liza"]
[Result "1-0"]
[WhiteElo "1848"]
[BlackElo "1478"]
[Annotator "NA"]
[PlyCount "62"]
[EventDate "2021.12.29"]
[EventCountry "BAN"]
[SourceTitle "playchess.com"]
[Source "ChessBase"]
[SourceQuality "1"]
[TimeControl "40/5400+30:1800+30"]

1. d4 {[%emt 0:00:02]} d5 {[%emt 1:31:00]} 2. c4 {[%emt 1:31:28]} c6 {[%emt 0:00:00]} 3. Nf3 {[%emt 0:00:00]} Nf6 {[%emt 0:00:00]} 4. Nc3 {[%emt 0:00:00]} e6 {[%emt 0:00:00]} 5. e3 {[%emt 0:00:00]} Be7 {[%emt 0:00:00]} 6. Bd3 {[%emt 0:00:00]} dxc4 {[%emt 0:00:00]} 7. Bxc4 {[%emt 0:00:00]} b5 {[%emt 0:00:00]} 8. Bd3 {[%emt 0:00:00]} Bb7 {[%emt 0:00:00]} 9. O-O {[%emt 0:00:00]} O-O {[%emt 0:00:00]} 10. e4 {[%emt 0:00:00]} Nbd7 {[%emt 0:00:00]} 11. e5 {[%emt 0:00:00]} Nd5 {[%emt 0:00:00]} 12. Nxd5 {[%emt 0:00:00]} exd5 {[%emt 0:00:00]} 13. Re1 {[%emt 0:00:00]} Re8 {[%emt 0:00:00]} 14. g3 {[%emt 0:00:00]} Nf8 {[%emt 0:00:00]} 15. h4 {[%emt 0:00:00]} Qd7 {[%emt 0:00:00]} 16. e6 {[%emt 0:00:00]} fxe6 {[%emt 0:00:00]} (16... Nxe6 $2 17. Ne5 Qd6 {[#]} 18. Bxh7+ $1 {[%mdl 512]} (18. Qh5 g6 $17) 18... Kxh7 19. Qh5+ Kg8 20. Qxf7+ Kh7 21. Nc4 $1 {[%mdl 512]} bxc4 22. Rxe6 Qxe6 23. Qxe6 $18) 17. Ne5 {[%emt 0:00:00]} Qc7 {[%emt 0:00:00]} 18. Bf4 {[%emt 0:00:00]} Bd6 {[%emt 0:00:00]} 19. Rc1 {[%emt 0:00:00]} a6 {[%emt 0:00:00]} 20. h5 {[%emt 0:00:00]} Nd7 {[%emt 0:00:00]} 21. Qc2 {[%emt 0:00:00]} Nxe5 {[%emt 0:00:00]} 22. Bxh7+ {[%emt 0:00:00]} Kh8 {[%emt 0:00:00]} 23. Bxe5 {[%emt 0:00:00]} Bxe5 {[%emt 0:00:00]} 24. Rxe5 {[%emt 0:00:00]} Re7 {[%emt 0:00:00]} 25. Bg6 {[%emt 0:00:00]} Rf8 {[%emt 0:00:00]} 26. Rce1 {[%emt 0:00:00]} Rf6 {[%emt 0:00:00]} 27. f4 {[%emt 0:00:00]} Bc8 {[%emt 0:00:00]} 28. f5 {[%emt 0:00:00]} Bd7 $18 {[%emt 0:00:00]} 29. g4 {[%emt 0:00:00]} exf5 {[%emt 0:00:00]} 30. Rxe7 {[%emt 0:00:00]} Qg3+ {[%emt 0:00:00]} 31. Qg2 {[%emt 0:00:00]} Qf4 {[%emt 0:00:00]} 1-0

[Event "40th BAN National Women Chess-ch 2021"]
[Site "Dhaka"]
[Date "2022.01.06"]
[Round "9.5"]
[White "Omnia Binta Yusuf, Lubaba"]
[Black "Nusrat Jahan, Alo"]
[Result "0-1"]
[WhiteElo "1439"]
[BlackElo "1766"]
[Annotator "NA"]
[PlyCount "76"]
[EventDate "2021.12.29"]
[EventCountry "BAN"]
[SourceTitle "playchess.com"]
[Source "ChessBase"]
[SourceQuality "1"]
[TimeControl "40/5400+30:1800+30"]

1. e4 {[%emt 0:00:13]} e6 {[%emt 0:00:29]} 2. d4 {[%emt 0:00:48]} d5 {[%emt 0:00:13]} 3. Nc3 {[%emt 1:30:59]} Bb4 {[%emt 0:00:47]} 4. e5 {[%emt 0:01:50]} c5 {[%emt 0:02:15]} 5. Bd2 {[%emt 0:06:16]} cxd4 {[%emt 0:11:04]} 6. Nb5 {[%emt 0:01:27]} Bc5 {[%emt 0:05:39]} 7. Qg4 {[%emt 0:01:49]} g6 {[%emt 0:05:45]} 8. b4 {[%emt 0:03:46]} Be7 {[%emt 0:04:34]} 9. Nxd4 {[%emt 0:02:07]} Qb6 {[%emt 0:04:37]} 10. Bb5+ {[%emt 0:10:56]} Bd7 {[%emt 0:03:12]} 11. Bxd7+ {[%emt 0:00:49]} Nxd7 {[%emt 0:02:21]} 12. Ndf3 {[%emt 0:01:01]} Qc7 {[%emt 0:02:02]} 13. Ne2 {[%emt 0:05:07]} Bf8 {[%emt 0:08:50]} 14. Bc3 {[%emt 0:08:01]} Bg7 {[%emt 0:02:03]} 15. Qg3 {[%emt 0:02:10]} Ne7 {[%emt 0:04:06]} 16. h4 {[%emt 0:03:55]} Nc6 {[%emt 0:08:20]} 17. h5 {[%emt 0:01:26]} Ncxe5 {[%emt 0:01:50]} 18. Nfd4 {[%emt 0:04:22]} Rc8 {[%emt 0:06:34]} 19. f4 {[%emt 0:02:10]} Nc4 {[%emt 0:03:35]} 20. hxg6 {[%emt 0:01:08]} hxg6 {[%emt 0:01:29]} 21. Rxh8+ {[%emt 0:05:22]} Bxh8 {[%emt 0:00:03]} 22. Qh4 {[%emt 0:01:08]} Bf6 {[%emt 0:00:50]} 23. Qh6 {[%emt 0:01:49]} Ne3 {[%emt 0:02:47]} 24. Kd2 {[%emt 0:03:55]} Nf5 {[%emt 0:02:30]} 25. Qh3 {[%emt 0:06:27]} Nxd4 {[%emt 0:01:51]} 26. Nxd4 {[%emt 0:03:13]} Bxd4 {[%emt 0:00:46]} 27. Bxd4 {[%emt 0:00:11]} Qxc2+ {[%emt 0:00:19]} 28. Ke1 {[%emt 0:00:39]} Qe4+ {[%emt 0:00:42]} 29. Be3 {[%emt 0:01:45]} Qxb4+ {[%emt 0:00:51]} 30. Kf1 {[%emt 0:01:14]} Qc3 {[%emt 0:04:40]} 31. Rc1 {[%emt 0:01:22]} Qd3+ {[%emt 0:00:12]} 32. Ke1 {[%emt 0:05:50]} Rxc1+ {[%emt 0:00:23]} 33. Bxc1 {[%emt 0:00:06]} Qxh3 {[%emt 0:00:24]} 34. gxh3 {[%emt 0:00:08]} Nc5 {[%emt 0:00:27]} 35. Ke2 {[%emt 0:00:52]} Ne4 {[%emt 0:00:20]} 36. Bb2 {[%emt 0:00:40]} Kd7 {[%emt 0:00:15]} 37. Bd4 {[%emt 0:00:29]} a5 {[%emt 0:00:36]} 38. a4 {[%emt 0:00:50]} Kc6 {[%emt 0:00:14]} 0-1

[Event "40th BAN National Women Chess-ch 2021"]
[Site "Dhaka"]
[Date "2022.01.06"]
[Round "9.6"]
[White "Sultana, Sharmin Shirin"]
[Black "Jahanara, Haque"]
[Result "1-0"]
[WhiteElo "1975"]
[BlackElo "1710"]
[Annotator "ChessBase"]
[PlyCount "101"]
[EventDate "2021.12.29"]
[EventCountry "BAN"]
[SourceTitle "playchess.com"]
[Source "ChessBase"]
[SourceQuality "1"]
[TimeControl "40/5400+30:1800+30"]

1. d4 {[%emt 0:00:04]} e6 {[%emt 0:00:13]} 2. Nf3 {[%emt 0:00:07]} d5 {[%emt 0:00:21]} 3. c4 {[%emt 0:00:07]} a6 {[%emt 0:01:02]} 4. a4 {[%emt 0:01:20]} Nf6 {[%emt 0:02:35]} 5. Nc3 {[%emt 0:00:50]} Be7 {[%emt 0:01:33]} 6. e3 {[%emt 0:01:36]} Nbd7 {[%emt 0:02:39]} 7. Be2 {[%emt 0:05:26]} h6 {[%emt 0:02:14]} 8. O-O {[%emt 0:00:50]} O-O {[%emt 0:00:15]} 9. b3 {[%emt 0:05:44]} b6 {[%emt 0:02:49]} 10. Bb2 {[%emt 0:02:25]} Bb7 {[%emt 0:00:40]} 11. Bd3 {[%emt 0:05:05]} Re8 {[%emt 0:11:45]} 12. Qe2 {[%emt 0:06:00]} Bf8 {[%emt 0:07:59]} 13. Rfd1 {[%emt 0:01:08]} g6 {[%emt 0:03:42]} 14. Rac1 {[%emt 0:20:06]} Bg7 {[%emt 0:05:11]} 15. b4 {[%emt 0:03:41]} a5 {[%emt 0:08:17]} 16. b5 {[%emt 0:03:35]} Rc8 {[%emt 0:08:30]} 17. Ba3 {[%emt 0:03:48]} Bf8 {[%emt 0:00:25]} 18. Bxf8 {[%emt 0:01:30]} Kxf8 {[%emt 0:00:37]} 19. cxd5 {[%emt 0:05:57]} Nxd5 {[%emt 0:00:34]} 20. e4 {[%emt 0:01:19]} Nxc3 {[%emt 0:05:46]} 21. Rxc3 {[%emt 0:00:20]} Qf6 {[%emt 0:04:53]} 22. Qe3 {[%emt 0:08:30]} Kg7 {[%emt 0:05:06]} 23. e5 {[%emt 0:00:17]} Qe7 {[%emt 0:03:11]} 24. Rdc1 {[%emt 0:00:02]} Nb8 {[%emt 0:02:09]} 25. Be4 {[%emt 0:23:13]} Bd5 {[%emt 0:08:04]} 26. h3 {[%emt 0:06:24]} Red8 {[%emt 0:07:21]} 27. Qf4 {[%emt 0:02:31]} Rd7 {[%emt 0:00:24]} 28. Bxd5 {[%emt 0:01:19]} exd5 {[%emt 0:06:15]} 29. h4 {[%emt 0:01:36]} Qe6 {[%emt 0:00:44]} 30. Nh2 {[%emt 0:02:00]} f5 {[%emt 0:02:29]} 31. exf6+ {[%emt 0:08:01]} Qxf6 {[%emt 0:00:13]} 32. Qxf6+ {[%emt 0:02:13]} Kxf6 {[%emt 0:00:11]} 33. Ng4+ {[%emt 0:00:04]} Kg7 {[%emt 0:00:30]} 34. Ne5 {[%emt 0:00:03]} Re7 {[%emt 0:00:28]} 35. Rg3 {[%emt 0:00:10]} Re6 {[%emt 0:00:57]} 36. h5 {[%emt 0:01:12]} g5 {[%emt 0:00:22]} 37. f4 {[%emt 0:06:08]} c5 {[%emt 0:00:50]} 38. fxg5 {[%emt 0:06:33]} hxg5 {[%emt 0:01:50]} 39. Rxg5+ {[%emt 0:00:03]} Kh7 {[%emt 0:00:34]} 40. Rf1 {[%emt 0:00:00]} Rc7 {[%emt 0:00:00]} 41. Rf8 {[%emt 0:09:40]} Rb7 {[%emt 0:04:46]} 42. Nf7 {[%emt 0:01:27]} Rxf7 {[%emt 0:05:20]} 43. Rxf7+ {[%emt 0:02:14]} Kh6 {[%emt 0:01:20]} 44. Rg6+ {[%emt 0:03:28]} Rxg6 {[%emt 0:00:11]} 45. hxg6 {[%emt 0:00:02]} Kxg6 {[%emt 0:00:01]} 46. Rb7 {[%emt 0:00:13]} Kf5 {[%emt 0:23:53]} 47. Kf2 {[%emt 0:01:01]} Ke4 {[%emt 0:01:00]} 48. dxc5 {[%emt 0:00:09]} bxc5 {[%emt 0:00:13]} 49. Rxb8 {[%emt 0:00:44]} Kd3 {[%emt 0:01:42]} 50. Rc8 {[%emt 0:00:20]} c4 {[%emt 0:00:01]} 51. b6 {[%emt 0:00:14]} 1-0

[Event "40th BAN National Women Chess-ch 2021"]
[Site "Dhaka"]
[Date "2022.01.07"]
[Round "10.1"]
[White "Noshin, Anjum"]
[Black "Jannatul, Ferdous"]
[Result "1/2-1/2"]
[WhiteElo "2045"]
[BlackElo "1810"]
[Annotator "TA"]
[PlyCount "119"]
[EventDate "2021.12.29"]
[EventCountry "BAN"]
[SourceTitle "playchess.com"]
[Source "ChessBase"]
[SourceQuality "1"]

{[%evp 17,119,0,29,8,12,-8,82,98,71,15,79,94,80,37,51,-19,-29,-38,-25,-44,-41,-69,-62,-94,-54,-75,-11,-44,-41,-41,-47,-90,-72,-131,-125,-129,-128,-175,-178,-169,-54,-60,-24,-116,0,0,-1,-135,-135,-135,-135,-135,-141,-196,-170,-167,-118,-118,-104,-147,-152,-145,-132,-104,-96,-427,-427,-1034,-1004,-1462,-415,-960,-518,-462,-8,-8,0,-339,0,-830,0,0,0,0,0,0,0,0,0,0,0,0,0,0,0,0,0,0,0,0,0,0,0,0]} 1. e4 c6 2. d4 d5 3. exd5 cxd5 4. c4 Nf6 5. Nc3 Nc6 6. Nf3 Bg4 7. cxd5 Nxd5 8. Qb3 Bxf3 9. gxf3 Nb6 (9... e6 $5 {[%cal Rf8b4]}) 10. d5 {B13: Caro-Kann: Exchange Variation and Panov-Botvinnik Attack.} Nd4 {[%csl LRb3,LRf3]} 11. Qd1 Nf5 (11... e5 $11) 12. Bb5+ $16 {White is better.} Nd7 13. Bf4 (13. Bd3 $16 g6 14. Bxf5 gxf5 15. Rg1) 13... a6 (13... g6 $1 $11 {keeps the balance.}) 14. Bd3 {White is much more active. This bishop pair is nice.} Nd6 {[#]} 15. Rc1 $146 (15. Bxd6 $6 exd6 16. O-O Be7 $15) (15. Qe2 $16 {Black must now prevent Bxd6.} Nc5 16. Bc2) ({Predecessor:} 15. O-O g5 16. Be3 Bg7 17. f4 gxf4 18. Bxf4 Nf6 19. Rc1 O-O 20. Bb1 Qd7 21. Qd3 {1-0 (49) Hackbusch,J (1983)-Weigang,P (1580) Nordrheinwestfalen 2012}) 15... g6 $1 $14 16. O-O (16. Bxd6 exd6 17. O-O Bh6 18. Re1+ Kf8 $15) (16. Ne4 $14) 16... Bg7 $1 $11 17. Qe2 {Threatens to win with Bxd6.} O-O 18. Ne4 Nf6 19. Nxf6+ Bxf6 20. Be5 Re8 21. f4 e6 (21... Qa5 $17) 22. Bxf6 Qxf6 23. Qe5 Qh4 24. f3 {To avoid Qg4+} (24. Qxd6 Qg4+ 25. Kh1 Qf3+ 26. Kg1 Qxd3 $17) (24. Qg5 $15 Qxg5+ 25. fxg5) 24... Qd8 25. Kh1 (25. Rc5 $142) 25... exd5 $17 26. Qxd5 Qf6 {[%csl LRb2,LRf4]} 27. Rg1 (27. Qg5 $17 Qxb2 28. f5) 27... Rad8 $1 $19 {[%cal Od6e4] Hoping for ...Ne4!} ({Weaker is} 27... Qxf4 28. Bxg6 $1 Kh8 29. Bd3 $11) 28. Qg5 Qxg5 (28... Qxb2 $19 {...Qa3 is the strong threat.} 29. f5 Qe5) 29. Rxg5 $15 Re3 30. Rc3 (30. Rd5 $11) 30... Rxf3 (30... Kf8 $17 31. Rd5 Rxf3) 31. Bxg6 $1 $11 Rxc3 (31... Rxf4 $2 32. Bxh7+ $1 Kf8 33. Rc7 $18) 32. Bf5+ (32. Bd3+ $11 Kf8 33. bxc3) 32... Kf8 $17 {Strongly threatening ...Rc1+.} 33. bxc3 Nxf5 34. Rxf5 {[%mdl 4096] Endgame KR-KR} Rc8 35. Rh5 (35. Rf6 $17 {is a better defense.}) 35... Rxc3 $19 36. Rxh7 Rc1+ ({Black should play} 36... Ra3 $19 37. Rh6 b5) 37. Kg2 $17 Rc2+ 38. Kg3 Rxa2 39. Rh8+ {[#]} Kg7 $1 40. Rb8 Rb2 41. Kg4 $2 {[%mdl 8192]} (41. h4 $17) 41... b5 $19 {[%cal Bb7b5,Bb5b4][%mdl 32]} 42. h4 (42. Ra8 $142 Ra2 43. h4) 42... b4 43. h5 a5 (43... b3 $142 44. h6+ Kh7) 44. Kg5 (44. Ra8 $142 Rg2+ 45. Kf5) 44... Rg2+ (44... a4 45. h6+ Kh7 46. Rb7 $11) 45. Kf5 Rh2 $2 ({Better is} 45... Rc2 $19 46. Rb5 Rc6 47. Rxa5 Rb6) 46. Kg5 $1 $11 Rg2+ $2 {[%mdl 8192]} (46... f6+ $11 47. Kg4 Rh1) 47. Kf5 $19 Rb2 $2 (47... Rc2 48. Rb5 Rc6 49. Rxa5 Rb6) 48. Kg5 $1 {[#]} a4 $2 ({Black should try} 48... f6+ $1 $19 49. Kg4 a4 50. Rb7+ Kh8 51. Rb8+ Kg7 52. Rb7+ Kh8 53. Rb8+ Kg7) 49. h6+ $1 $11 {The position is equal.} Kh7 50. Rf8 Rg2+ 51. Kh5 $1 Rh2+ 52. Kg5 Rg2+ 53. Kh5 $1 a3 {( -> ...b3)} 54. Rxf7+ Kg8 (54... Kh8 $5 55. Ra7 Kg8 $11) 55. Ra7 a2 56. h7+ Kh8 57. Kh6 {White threatens Ra8+ and mate.} ({Don't blunder} 57. Ra8+ $2 Kxh7 58. Ra7+ Kg8 59. Ra8+ Kf7 $19) 57... Rh2+ 58. Kg6 $1 {[%cal Ra7a8]} Rg2+ 59. Kh6 Rh2+ 60. Kg6 $1 {Weighted Error Value: White=0.59/Black=0.72} 1/2-1/2

[Event "40th BAN National Women Chess-ch 2021"]
[Site "Dhaka"]
[Date "2022.01.07"]
[Round "10.2"]
[White "Talukder, Umme Taslima Protiva"]
[Black "Khan, Nazrana"]
[Result "0-1"]
[WhiteElo "1706"]
[BlackElo "1848"]
[Annotator "NA RC"]
[PlyCount "168"]
[EventDate "2021.12.29"]
[EventCountry "BAN"]
[SourceTitle "playchess.com"]
[Source "ChessBase"]
[SourceQuality "1"]
[TimeControl "40/5400+30:1800+30"]

{[%evp 8,166,23,4,8,0,32767,32767,32767,32767,-18,-13,0,-20,98,-28,91,95,110,82,158,56,125,106,118,93,109,92,97,70,93,69,73,25,47,-238,105,107,117,120,132,92,90,104,107,52,101,80,147,94,102,85,97,86,137,121,162,41,161,25,17,16,16,0,0,-56,-25,-47,-31,-69,0,0,0,0,4,0,0,-7,-8,-8,-14,-18,0,0,0,0,0,0,0,0,0,0,0,0,0,0,0,0,0,0,0,0,8,0,0,0,0,0,0,0,0,0,16,8,9,8,8,8,43,8,4598,7830,4618,0,0,0,8,0,0,0,0,0,0,-5616,-29966,-29984,-29985,-29985,-29986,-29987,-27999,-29988,-27999,-29991,-29992,-27999,-29993,-27999,-29993,-29993,-5189,32767,32767,32767,32767,32767,32767,32767,32767,32767,-27999]} 1. d4 {[%emt 0:00:06]} d5 {[%emt 0:00:05]} 2. c4 {[%emt 0:00:03]} e6 {[%emt 0:00:13]} 3. Nc3 {[%emt 0:00:07]} Nf6 {[%emt 0:00:09]} 4. Nf3 {[%emt 0:00:06]} Be7 {[%emt 0:00:20]} 5. e3 {[%emt 0:00:32]} O-O {[%emt 0:00:24]} 6. cxd5 {[%emt 0:00:29]} exd5 {[%emt 1:32:19]} 7. Bd3 {[%emt 1:32:37]} Nbd7 {[%emt 0:00:30]} 8. Ne5 {[%emt 0:00:00]} Nxe5 {[%emt 0:00:00]} 9. dxe5 {[%emt 0:00:00]} Ng4 {[%emt 0:00:00]} 10. Nxd5 {[%emt 0:00:00]} c6 {[%emt 0:01:30]} (10... Nxe5 $11 11. O-O Nxd3 12. Nxe7+ Qxe7 13. Qxd3 Rd8) 11. Nc3 {[%emt 0:02:00]} (11. Nxe7+ $16 Qxe7 12. f4) 11... Kh8 {[%emt 0:00:00]} (11... Nxe5 $11 12. Bxh7+ Kxh7 13. Qh5+ Kg8 14. Qxe5 Bf6) 12. f4 {[%emt 0:00:00]} Bc5 {[%emt 0:00:00]} 13. Qe2 {[%emt 0:00:00]} Qb6 {[%emt 0:00:00] [#]} (13... f6 $142) 14. Nd1 {[%emt 0:00:00]} (14. h3 $1 $16 {[%cal Rh3g4]} Nxe3 15. Bd2) 14... f6 {[%emt 0:00:00]} (14... Nh6 $1 $14) 15. h3 {[%emt 0:00:00]} Nh6 {[%emt 0:00:00] [#]} 16. exf6 $1 {[%emt 0:00:00]} Rxf6 {[%emt 0:00:00]} 17. O-O {[%emt 0:00:00]} Bf5 {[%emt 0:00:00]} 18. Kh2 {[%emt 0:00:00]} Bxd3 {[%emt 0:00:00]} 19. Qxd3 {[%emt 0:00:00]} Rd8 {[%emt 0:00:00] [#]} 20. Qc2 {[%emt 0:00:00]} ({White should try} 20. Qe2 $1 $16) 20... Nf5 $1 {[%emt 0:00:00]} 21. e4 $2 {[%emt 0:00:00] [#]} (21. Bd2 $11 {and White stays safe.}) 21... Nd4 $2 {[%emt 0:00:00]} ({Black should play} 21... Qb5 $1 $19 {[%cal Rb5f1]} 22. Rh1 (22. Rf2 Bxf2) 22... Nd4) 22. Qc4 {[%emt 0:00:00]} Qb5 {[%emt 0:00:00]} 23. Qxb5 {[%emt 0:00:00]} Nxb5 {[%emt 0:00:00]} 24. e5 {[%emt 0:00:00]} ({White should try} 24. Be3 Bd4 25. a4) 24... Rff8 {[%emt 0:00:00]} 25. g3 {[%emt 0:00:00]} Kg8 {[%emt 0:00:00]} 26. a4 {[%emt 0:00:00]} ({White should play} 26. Nf2 $16) 26... Nc7 {[%emt 0:00:00]} ({Black should play} 26... Nd4 $1 $14) 27. Nc3 {[%emt 0:00:00]} a5 {[%emt 0:08:30] [#]} (27... Rd3 $142) 28. Ne4 {[%emt 0:00:00]} ({White should play} 28. Kg2 $1) 28... Bb4 {[%emt 0:00:00]} 29. Be3 {[%emt 0:00:00]} Rd3 {[%emt 0:00:00]} 30. Bf2 {[%emt 0:00:00]} Ne6 {[%emt 0:01:30]} 31. Bb6 {[%emt 0:00:00]} c5 {[%emt 0:00:30]} 32. Rf2 {[%emt 0:00:00]} (32. Rac1 $16) 32... Rc8 {[%emt 0:00:00]} (32... Re3 $14 33. Nd6 Rxe5) 33. Nd6 {[%emt 0:11:00]} (33. f5 $16 Nd4 34. e6) 33... Rc6 {[%emt 0:00:00]} 34. Ba7 {[%emt 0:00:00]} Ra6 {[%emt 0:00:00]} 35. Nb5 {[%emt 0:01:00]} Nd4 {[%emt 0:00:00]} (35... Rd8 $1 $15 {feels stronger.}) 36. Nxd4 {[%emt 0:00:00]} (36. Bb8 $11) 36... cxd4 {[%emt 0:00:00]} 37. Bb8 {[%emt 0:00:00]} Rc6 {[%emt 0:00:00]} 38. Kg2 {[%emt 0:00:00]} (38. f5 $11) 38... b6 {[%emt 0:00:00]} (38... Re3 $1 $15) 39. f5 {[%emt 0:00:00]} Rc8 {[%emt 0:04:00]} 40. Bd6 {[%emt 0:00:00]} Bxd6 {[%emt 0:00:00]} 41. exd6 {[%emt 0:00:00]} Rd8 {[%emt 0:00:00]} 42. d7 {[%emt 0:00:00]} Rxd7 {[%emt 0:00:00]} 43. Rc1 {[%emt 0:00:00]} Rb3 {[%emt 0:00:00]} 44. Rc4 {[%emt 0:34:30]} d3 {[%emt 0:02:42]} 45. Rd2 {[%emt 0:00:00]} Rd5 {[%emt 0:30:18]} 46. g4 {[%emt 0:00:00]} Kf7 {[%emt 0:00:00]} 47. Kf3 {[%emt 0:00:00]} Rc5 {[%emt 0:00:00]} 48. Rd4 {[%emt 0:00:00]} Rc2 {[%emt 0:00:00]} 49. R4xd3 {[%emt 0:00:00]} Rxd3+ {[%emt 0:00:00]} 50. Rxd3 {[%emt 0:00:00]} Rxb2 {[%emt 0:00:00]} 51. Ke4 {[%emt 0:00:00]} Ke7 {[%emt 0:00:00]} 52. Ke5 {[%emt 0:00:00]} Rb4 {[%emt 0:00:00]} 53. Rd4 {[%emt 0:00:00]} Rb3 {[%emt 0:00:00]} 54. h4 {[%emt 0:00:00]} h6 {[%emt 0:00:00]} 55. Kd5 {[%emt 0:00:00]} Rh3 {[%emt 0:00:00]} 56. Kc6 {[%emt 0:00:00]} Rxh4 {[%emt 0:00:00]} 57. Rd7+ {[%emt 0:00:00]} Kf8 {[%emt 0:00:00]} 58. Kxb6 {[%emt 0:00:00]} Rxg4 {[%emt 0:00:00]} 59. Kxa5 {[%emt 0:00:00]} Rg5 {[%emt 0:00:00] [#]} 60. Rd5 {[%emt 0:00:00]} ({Better is} 60. Kb6 $1 $16) 60... g6 {[%emt 0:00:08]} 61. Kb6 {[%emt 0:00:00]} gxf5 {[%emt 0:01:20]} 62. a5 {[%emt 0:00:00]} Rg6+ {[%emt 0:01:29]} (62... Ke7 $11) 63. Kb7 {[%emt 0:00:00]} (63. Kc7 $1 $14) 63... Rf6 $2 {[%emt 0:00:42]} (63... Rg7+ 64. Kc6 f4) 64. a6 {[%emt 0:00:00]} Kg7 {[%emt 0:00:52]} 65. Rd7+ $2 {[%emt 0:00:00]} (65. Rc5 {mates} Rxa6 66. Kxa6 Kg6 67. Kb5 Kh5 68. Kc4 Kg5 69. Kd4 h5 70. Ke3) 65... Kg6 {[%emt 0:00:47]} 66. a7 {[%emt 0:00:00]} Rf8 {[%emt 0:00:16]} 67. Rd6+ {[%emt 0:02:55]} Kg5 {[%emt 0:00:35]} 68. Rd7 {[%emt 0:01:11]} f4 {[%emt 0:00:33]} 69. Kc6 {[%emt 0:00:26]} f3 {[%emt 0:00:58]} 70. Kd5 $2 {[%emt 0:01:25]} (70. Rd2 h5 71. Ra2 h4) (70. Rf7 $11 Rxf7 71. a8=Q Rf6+ 72. Kd7) 70... f2 {[%emt 0:00:35]} 71. Rf7 {[%emt 0:03:54]} Rxf7 {[%emt 0:00:35]} 72. a8=Q {[%emt 0:00:11]} f1=Q {[%emt 0:00:10]} 73. Qd8+ {[%emt 0:00:48]} Qf6 {[%emt 0:00:42]} 74. Qg8+ {[%emt 0:00:16]} Rg7 {[%emt 0:00:37]} 75. Qb8 {[%emt 0:00:35]} Qf5+ {[%emt 0:00:40]} 76. Kc6 {[%emt 0:00:29]} Rg6+ {[%emt 0:00:25]} 77. Kb7 {[%emt 0:00:21]} Qb1+ {[%emt 0:00:38]} 78. Ka8 {[%emt 0:00:07]} Ra6+ {[%emt 0:00:48]} (78... Qa2+ $142 79. Qa7 Qd5+ 80. Qb7 Qa5+ 81. Qa6 Qxa6+ 82. Kb8 Qc6 83. Ka7 Rg7+ 84. Kb8 Qe8#) 79. Qa7 {[%emt 0:00:08]} Rxa7+ {[%emt 0:00:14]} 80. Kxa7 {[%emt 0:00:03]} Kf6 {[%emt 0:00:18]} 81. Ka8 {[%emt 0:00:09]} Ke5 {[%emt 0:00:14]} 82. Ka7 {[%emt 0:00:02]} Kd6 {[%emt 0:00:27]} 83. Ka8 {[%emt 0:00:08]} Kc7 {[%emt 0:00:37]} 84. Ka7 {[%emt 0:00:07]} Qb7# {[%emt 0:00:13]} 0-1